Normal view
MARC view
Entry Personal Name
001 - CONTROL NUMBER
- control field: 1237384
003 - CONTROL NUMBER IDENTIFIER
- control field: OSt
005 - DATE AND TIME OF LATEST TRANSACTION
- control field: 20260430150410.0
008 - FIXED-LENGTH DATA ELEMENTS
- fixed length control field: 260430|| aca||aabn | a|a d
040 ## - CATALOGING SOURCE
- Original cataloging agency: OSt
- Transcribing agency: OSt
100 ## - HEADING--PERSONAL NAME
- Personal name: Jha Prakash Au.; Chopra Madhu Gu
670 ## - SOURCE DATA FOUND
- Source citation: Work cat.: (OSt)1849690: Jha Prakash Au.; Chopra Madhu Gu., Target-Based Computational Design and Modeling of Selective Molecules as Potential Therapeutic Against Cancer, SARS-CoV-2 and Tuberculosis, 2023
